Biotechnologická produkcia organických kyselín z anhydridu kyseliny maleínovej

Na minha lista:
Detalhes bibliográficos
Autor principal: Miková, Helena (Author)
Formato: Manuscrito Livro
Idioma:eslovaco
Publicado em: Bratislava : STU v Bratislave ChtF, 1999
Edição:Obháj.: 29.111999
Tags: Adicionar Tag
Sem tags, seja o primeiro a adicionar uma tag!

MARC

LEADER 00000ntm a22000003a 4500
001 stu53317
005 20150617225707.2
008 000427s1999----xo------------------slo-d
040 |a STU  |b slo 
041 0 |a slo 
044 |a xo 
080 |a 577.3+620.9(043.3) 
100 1 |a Miková, Helena  |4 aut 
245 1 |a Biotechnologická produkcia organických kyselín z anhydridu kyseliny maleínovej 
250 |a Obháj.: 29.111999 
260 |a Bratislava :  |b STU v Bratislave ChtF,  |c 1999 
300 |a 46 s. Obr.,tab.,grafy,lit 
500 |a Katedra biochemickej technológie 
996 |b 284C016445  |c C*KD419  |l CCI  |s A  |a 24  |w stu53317_0001